00902nam a22002537a 4500999001500000003000800015008004100023020001800064041001300082080001600095100002600111245002600137250001200163260005000175300001000225650001900235650003100254700002900285700003000314942001300344945005300357952011900410952011900529 c2036d2036SLTCLib260615b ce ||||| |||| 00| 0 eng d a9780226826677 aEnglish  a001.42bBOO aBooth, Wayne C.93601 aThe Craft of Research a5th ed. aLondonbThe University of Chicago pressc2004 a314p. aResearch93602 aResearch Methodology93603 93599aColomb, Gregory G. 93600aWilliams, Joseph M. 2ddccMRE a3725bIshara wickramagec3725dIshara wickramage 00102ddc4070aSLTCbSLTCcRESd2026-06-15ePurchasedg17280.00o001.42 BOOp003433r2026-06-15w2026-06-15yMRE 00102ddc4070aSLTCbSLTCcRESd2026-06-15ePurchasedg17280.00o001.42 BOOp003434r2026-06-15w2026-06-15yMRE